[Event "Moscow-E"]
[Site "Moscow"]
[Date "2007.03.02"]
[Round "10"]
[White "Nadvikov, Roman Egorovich"]
[Black "Beliakov, Alexander"]
[Result "1/2-1/2"]
[WhiteElo "2197"]
[BlackElo "2219"]
[PlyCount "30"]
[EventDate "2007.02.21"]
[EventType "tourn"]
[EventRounds "10"]
[EventCountry "RUS"]
[SourceTitle "EXT 2010"]
[Source "ChessBase"]
[SourceDate "2010.11.25"]
[SourceVersion "1"]
[SourceVersionDate "2010.11.25"]
[SourceQuality "1"]

1. Nf3 d5 2. g3 Nf6 3. Bg2 e6 4. d3 Be7 5. Nbd2 0-0 6. 0-0 b6 7. e4 Bb7 8. e5 Nfd7 9. Re1 c5 10. Nf1 Nc6 11. h4 Qc7 12. Bf4 Rfd8 13. Bh3 a5 14. h5 h6 15. c3 d4 1/2-1/2

[Event "Moscow-D"]
[Site "Moscow"]
[Date "2007.02.18"]
[Round "8"]
[White "Beketov, Viktor"]
[Black "Beliakov, Alexander"]
[Result "1/2-1/2"]
[WhiteElo "2112"]
[BlackElo "2219"]
[PlyCount "26"]
[EventDate "2007.02.11"]
[EventType "tourn"]
[EventRounds "10"]
[EventCountry "RUS"]
[SourceTitle "EXT 2010"]
[Source "ChessBase"]
[SourceDate "2010.11.25"]
[SourceVersion "1"]
[SourceVersionDate "2010.11.25"]
[SourceQuality "1"]

1. e4 e6 2. d4 d5 3. exd5 exd5 4. Bd3 Nc6 5. c3 Bd6 6. Ne2 Qh4 7. Ng3 Nge7 8. 0-0 Bg4 9. Qb3 0-0-0 10. Nd2 Rhe8 11. a4 f5 12. f4 Kb8 13. Nf3 Bxf3 1/2-1/2

[Event "Moscow-C"]
[Site "Moscow"]
[Date "2007.02.03"]
[Round "3"]
[White "Chesnokov, Veniamin"]
[Black "Beliakov, Alexander"]
[Result "0-1"]
[WhiteElo "1961"]
[BlackElo "2219"]
[PlyCount "38"]
[EventDate "2007.02.01"]
[EventType "tourn"]
[EventRounds "10"]
[EventCountry "RUS"]
[SourceTitle "EXT 2010"]
[Source "ChessBase"]
[SourceDate "2010.11.25"]
[SourceVersion "1"]
[SourceVersionDate "2010.11.25"]
[SourceQuality "1"]

1. e4 e6 2. d4 d5 3. e5 c5 4. c3 Nc6 5. Nf3 Qb6 6. Be2 cxd4 7. cxd4 Nh6 8. Nc3 Nf5 9. Na4 Qa5+ 10. Kf1 Be7 11. h4 Bd7 12. b3 b5 13. Nc5 Nfxd4 14. Nxd4 Bxc5 15. Nxc6 Bxc6 16. Bd2 Qb6 17. Qc2 Rc8 18. f3 Bd4 19. Rc1 Bxe5 0-1

[Event "Moscow-C"]
[Site "Moscow"]
[Date "2007.02.01"]
[Round "1"]
[White "Beliakov, Alexander"]
[Black "Tikhonov, Anatoly"]
[Result "1-0"]
[WhiteElo "2219"]
[BlackElo "2168"]
[PlyCount "57"]
[EventDate "2007.02.01"]
[EventType "tourn"]
[EventRounds "10"]
[EventCountry "RUS"]
[SourceTitle "EXT 2010"]
[Source "ChessBase"]
[SourceDate "2010.11.25"]
[SourceVersion "1"]
[SourceVersionDate "2010.11.25"]
[SourceQuality "1"]

1. d4 d6 2. Nf3 Nf6 3. Bg5 g6 4. Nbd2 Bg7 5. e4 0-0 6. c3 c6 7. Be2 Na6 8. 0-0 Nc7 9. Re1 Ne6 10. Bh4 Nf4 11. Bf1 Qc7 12. a4 e5 13. dxe5 dxe5 14. Nc4 Nd7 15. Qd6 Qxd6 16. Nxd6 Nc5 17. Be7 Be6 18. Bxf8 Bxf8 19. b4 Bxd6 20. bxc5 Bxc5 21. Rab1 Rb8 22. Nxe5 Bd6 23. Nf3 b6 24. Red1 Bc5 25. Nd4 Bd7 26. Rd2 Ne6 27. Nb3 Be8 28. Nxc5 Nxc5 29. Rd4 1-0

[Event "Moscow op"]
[Site "Moscow"]
[Date "1995.??.??"]
[Round "1"]
[White "Beliakov, Alexander"]
[Black "Khomyakov, Vladimir"]
[Result "0-1"]
[WhiteElo "2155"]
[BlackElo "2340"]
[PlyCount "56"]
[EventDate "1995.??.??"]
[EventType "swiss"]
[EventRounds "9"]
[EventCountry "RUS"]
[SourceTitle "EXT 2000"]
[Source "ChessBase"]
[SourceDate "1999.11.16"]
[SourceVersion "1"]
[SourceVersionDate "1999.11.16"]
[SourceQuality "1"]

1. d4 Nf6 2. Nf3 e6 3. Bg5 c5 4. e3 Qb6 5. Nbd2 Qxb2 6. Bd3 Nc6 7. 0-0 cxd4 8. Nc4 Qb4 9. Rb1 Qe7 10. exd4 d5 11. Ne3 Qd8 12. Re1 Be7 13. c3 0-0 14. h4 Ne4 15. Bxe7 Qxe7 16. Qc2 f5 17. Bf1 b6 18. c4 dxc4 19. Nxc4 Bb7 20. a4 Rac8 21. Qb2 Ba8 22. Bd3 Rfd8 23. Bxe4 fxe4 24. Rxe4 Na5 25. Ncd2 Nc4 26. Qa1 Nxd2 27. Nxd2 Bxe4 28. Nxe4 Qxh4 0-1